000 00723nas a2200229 4500
001 BR9602027
003 BR-BrBNA
005 20231205095743.0
007 ta
008 230509b bl.|||p| |||| 00| 00por d
040 _aBR-BrBNA
_bpor
_cBiblioteca Nacional de Agricultura
041 _a(Pt)
072 _aL52
100 1 _aMarques, L.F.A.
245 1 _aFontes de variacao sobre pesos padronizados de bovinos da raca Simental e mesticos no Brasil
650 _aGado de Corte
650 _aCrescimento
650 _aPeso
773 0 _tRevista da Sociedade Brasileira de Zootecnia (Brazil)
_xISSN 0100-4859
_g(1995), v. 24(4) p. 542-558
_wBR9602027
909 _a202311
_bLúcia
_c55
_dLúcia Elande
942 _2AGRIS
_n0
_cANA
999 _c152523
_d152523